000 00838nam a2200229 a 4500
001 15297
003 CO-ViMGA
008 141112s2004 ck r 000 u spa d
020 _a9584101781
040 _aCO-ViMGA
_bspa
_cCO-ViMGA
082 0 4 _a658.15 B56r
100 1 _aBlock, Stanley B.; Hirt, Geoffrey A.
_922225
245 1 0 _aFundamentos de Gerencia Financiera
250 _a9
260 _aBogotá,
_cMcGraw Hill,
_c2001
300 _a703.p.
500 _aIncluye CD.
505 _aIntroducción : Funciones de la gerencia financiera Análisis y planeación financieras Gerencia del capital de trabajo El proceso del presupuesto de capital Financiación a largo plazo Expandiendo la perspectiva de las finanzas corporativas
650 1 4 _aADMINISTRACION FINANCIERA
650 1 4 _aEMPRESAS - FINANZAS
_922226
942 _2ddc
_cBK
999 _c25658
_d25658